Las grandes reformas/
El documento "Las grandes reformas" de la Asamblea Legislativa de Costa Rica analiza en profundidad las reformas legislativas de envergadura en el país, abarcando diversos ámbitos como lo social, económico y político, y evaluando su impacto en la sociedad costarricense a través de tablas y...
Guardado en:
| 企業作者: | |
|---|---|
| 格式: | 圖書 |
| 語言: | Spanish |
| 主題: | |
| 標簽: |
添加標簽
沒有標簽, 成為第一個標記此記錄!
|
MARC
| LEADER | 00000nam a22000007a 4500 | ||
|---|---|---|---|
| 003 | cru CIDCACS/IIS | ||
| 005 | 20230829174754.0 | ||
| 007 | ta | ||
| 008 | 230627t cr ||||| ||||o00| spa d | ||
| 040 | |c cru CIDCACS/IIS | ||
| 110 | 1 | |a Costa Rica. Asamblea Legislativa |9 10360 | |
| 245 | 1 | |a Las grandes reformas/ |c Asamblea Legislativa | |
| 300 | |a 372 páginas: |b tablas, gráficos | ||
| 500 | |a Colección Centroamérica | ||
| 520 | |a El documento "Las grandes reformas" de la Asamblea Legislativa de Costa Rica analiza en profundidad las reformas legislativas de envergadura en el país, abarcando diversos ámbitos como lo social, económico y político, y evaluando su impacto en la sociedad costarricense a través de tablas y gráficos. Se examinan los procesos de modernización y cambio en la legislación para adaptarla a las necesidades actuales y se resalta la importancia de las políticas públicas en este contexto. RAR 07/2023 | ||
| 650 | 4 | |2 OCDE |9 1993 |a LEGISLACION | |
| 650 | 0 | |2 OCDE |9 3784 |a POLITICAS PUBLICAS | |
| 650 | 0 | |2 OCDE |9 4385 |a MODERNIZACION | |
| 650 | 0 | |2 OCDE |9 143 |a ECONOMIA | |
| 650 | 0 | |2 OCDE |9 7714 |a IMPACTO | |
| 650 | 0 | |2 OCDE |9 511 |a ADAPTACION AL CAMBIO | |
| 650 | 0 | |2 OCDE |9 3066 |a ASPECTOS POLITICOS | |
| 650 | 0 | |2 OCDE |9 26 |a SOCIEDAD | |
| 651 | 0 | |2 OCDE |9 32 |a COSTA RICA | |
| 773 | 0 | |0 19367 |9 8730 |a Costa Rica. |d San José, Costa Rica: Asamblea Legislativa, 1986- |o 23509 |t Revista Parlamentaria / |x 1409007 | |
| 942 | |2 ddc |c PP | ||
| 999 | |c 45107 |d 45107 | ||
